| 000 | 01507nam a2200385 i 4500 | ||
|---|---|---|---|
| 001 | 000014003 | ||
| 003 | DO-SdBNP | ||
| 005 | 20260321073639.0 | ||
| 007 | ta | ||
| 008 | 091202s2009 dr c 001 0 spa d | ||
| 020 | _a9789945002485 | ||
| 040 |
_aDO-SdBNP _bspa _cBNPHU _erda |
||
| 049 | _aBNPD | ||
| 082 | 4 |
_a324.27293 _bB742o _222 |
|
| 100 | 1 |
_a Bosch, Juan, _d1909-2001 _eautor _976555 |
|
| 245 | 1 | 0 |
_aOrígenes históricos y fundación del PLD / _cJuan Bosch, Euclides Gutiérrez Félix ; edición, Cándido Gerón ; prólogo, Daniel Cruz. |
| 264 |
_aSanto Domingo : _bCorripio, _c2009. |
||
| 300 |
_a195 paginas : _bilustraciones, retratos ; _c23 cm. |
||
| 336 |
_2rdacontent _atexto _btxt |
||
| 337 |
_2rdamedia _asin mediación _bn |
||
| 338 |
_2rdacarrier _avolumen _bnc |
||
| 500 | _aIncluye datos biográficos del autor en las solapas | ||
| 500 | _aIncluye índice onomástico | ||
| 500 | _aIncluye referencias bibliográficas y notas al pie de las páginas | ||
| 504 | _aBibliografías : p.185-187 | ||
| 590 | _aInventariado, 2023/MFF | ||
| 610 | 2 | 4 |
_a Partido de la Liberación Dominicana _xHistoria _ySiglo XX _984108 |
| 650 | 4 |
_aPartidos políticos _xRepública Dominicana _9660 |
|
| 651 | 4 |
_aRepública Dominicana _xPolítica y gobierno _y1961- _9204 |
|
| 700 | 1 |
_aGutiérrez Félix, Euclides, _d1936- _95673 |
|
| 700 | 1 |
_aGerón, Candido, _d1948- _eedición _93577 |
|
| 700 | 1 |
_aCruz, Daniel, _eprólogo _931683 |
|
| 910 | _aValidado. Control de calidad MFF | ||
| 942 |
_2ddc _cLBS1 |
||
| 999 |
_c13607 _d13607 |
||